000 00319nam a2200145Ia 4500
005 20250317155359.0
008 240331s9999 xx 000 0 und d
082 _bJEY
_a894
100 _aJeyamohan,
245 0 _aMann
260 _aChennai
_bSneha
_c 1995
300 _a184 p .,
650 _ashort stories
942 _cL
999 _c3988
_d3988